Q.F.F.Q.S Disputatio Solennis Exhibitura Cum Deo, Lipsanolatriae Pontificiae Sceleton / Quam Pro consequendo Doctoreo in Theologia Honore,

Bibliographic Details
Main Author: Gosmann, Bernhard, 1622-1691 (Author, Dedicator, Dissertant)
Corporate Author: Jäger, Jakob (Greifswald, Nemecko) (Printer)
Other Authors: Jäger, Jakob, 1603-1657 (Printer), Battus, Abraham, 1606-1674
Format: Thesis Book
Language:Latin
PhysicalDescription:24 strán 4°
Subjects:

MARC

LEADER 00000nam a2200000 a 4500
001 vtls011919919
003 SK-MaSNL
005 20260301225411.0
008 251112s1655 gw f 010 0 lat
015 |a SNBHFA1655 
040 |a SNKHF  |b slo  |c SNKHF  |e rda 
041 |a lat 
044 |a gw  |c DE 
072 7 |a 2-1  |x Prirodzená teológia. Náboženská filozofia  |2 konspekt 
080 |a 2-1  |2 2011 
080 |a (043.3)  |2 2011 
100 1 |a Gosmann, Bernhard,  |d 1622-1691  |4 aut  |4 dto  |4 dis  |9 618926 
245 1 9 |a Q.F.F.Q.S Disputatio Solennis Exhibitura Cum Deo, Lipsanolatriae Pontificiae Sceleton / Quam Pro consequendo Doctoreo in Theologia Honore,  |c Praeside Viro Admodùm reverendo, Amplissimo & Excellentissimo, Dn. Abrahamo Batto, Doctore & Professore theologo in illustri Gryphica celeberrimo, aedisq; Jacobéae Pastore vigilantissimo; h. t. Spectabili Decano; Domino & Fautore suo reverenter colendo; Auspiciis gratiae divinae feliciter adjutus ; tuebitur in Auditorio Maiori ad diem 8. Novemb. M. Bernhardus Gosman, Physices & Metaphysices in Universitate Rostochiensi Professor Ordinarius 
246 3 0 |a Disputatio Solennis Exhibitura Cum Deo, Lipsanolatriae Pontificiae Sceleton 
264 3 |a Gryphiswaldiae  |b Typis Jacobi Jegeri  |c Anno MDCLV (1655) 
300 |a 24 strán  |c 4° 
336 |a text  |b txt  |2 rdacontect 
337 |a bez média  |b n  |2 rdamedia 
338 |a zväzok  |b nc  |2 rdacarrier 
500 |a Vinety, iniciálky na 2, 4 riadky, kustody 
501 |a Príväzok 32. k: QUISTORP, Johann. De Dentitione. Lipsiae: Literis Christoph. Fleischeri, 1694. 4°.  |5 SNK ID 101206 
502 |a Dizertačná práca (Doktor) -- Universität Greifswald, Greifswald, 1655 
508 |a Dedikácia: Gosmann, Bernhard 
510 4 |a VD17  |c 12:161480G 
546 |a Latinčina  |b Kurzíva 
561 |a Z knižnice Učenej spoločnosti malohontskej.  |5 SNK ID 101206/prív.32 
650 0 7 |a teológia  |2 SNKPH  |9 1814 
655 7 |a dizertácie  |2 SNKPH  |9 70277 
700 1 |a Jäger, Jakob,  |d 1603-1657  |4 prt  |9 196376 
700 1 |a Battus, Abraham,  |d 1606-1674  |9 364474 
710 2 |a Učená spoločnosť malohontská  |4 fmo  |9 205374 
710 0 |a Jäger, Jakob (Greifswald, Nemecko)  |4 prt  |9 618927 
752 |a Nemecko  |d Greifswald 
852 |a snk  |b Historické fondy  |p ID 101206/prív.32 
999 |c 950759  |d 952689 
952 |t LXVII. / MHC 1245  |a SNK  |b SNK  |c SNK_HF  |y PREZ  |7 0  |p 17A1357626  |o snkID 101206/prív.32  |i snk2020/4666  |8 5  |0 0  |1 0  |4 0  |d 2020-02-25  |l 0  |r 2026-02-24 09:47:25  |w 2026-02-24